Business and society : (Record no. 14181)

000 -LEADER
fixed length control field 00703nam a22002057a 4500
008 - FIXED-LENGTH DATA ELEMENTS--GENERAL INFORMATION
fixed length control field 160927b xxu||||| |||| 00| 0 eng d
020 ## - INTERNATIONAL STANDARD BOOK NUMBER
International Standard Book Number 0072881305
020 ## - INTERNATIONAL STANDARD BOOK NUMBER
International Standard Book Number 9780072986211
050 ## - LIBRARY OF CONGRESS CALL NUMBER
Classification number HD 60
Item number .F72 2005
100 ## - MAIN ENTRY--PERSONAL NAME
Personal name Lawrence, Anne T.
245 ## - TITLE STATEMENT
Title Business and society :
Remainder of title stakeholders, ethics, public policy/
Statement of responsibility, etc. Anne T. Lawrence, James Weber and James E. Post.
250 ## - EDITION STATEMENT
Edition statement 11th ed.
260 ## - PUBLICATION, DISTRIBUTION, ETC. (IMPRINT)
Place of publication, distribution, etc. Boston Burr Ridge :
Name of publisher, distributor, etc. McGraw-Hill ;
Date of publication, distribution, etc. c2005.
300 ## - PHYSICAL DESCRIPTION
Extent xxi, 535p. :
Other physical details ill. ;
500 ## - GENERAL NOTE
General note Includes bibliography and index.
650 ## - SUBJECT ADDED ENTRY--TOPICAL TERM
Topical term or geographic name as entry element Social responsibility of business.
700 ## - ADDED ENTRY--PERSONAL NAME
Personal name Weber, James
700 ## - ADDED ENTRY--PERSONAL NAME
Personal name Post, James E.
942 ## - ADDED ENTRY ELEMENTS (KOHA)
Source of classification or shelving scheme
Koha item type Hard Covered Materials
Classification part HD 60 .F72 2005
Koha issues (borrowed), all copies 1
Holdings
Withdrawn status Lost status Source of classification or shelving scheme Damaged status Not for loan Home library Current library Shelving location Date acquired Source of acquisition Total Checkouts Full call number Barcode Date last seen Date last checked out Price effective from Koha item type
          MACHAKOS UNIVERSITY LIBRARY MACHAKOS UNIVERSITY LIBRARY Open shelf 27/09/2016 Donation(BFA) 1 HD 60 .F72 2005 25744 23/11/2017 07/11/2017 27/09/2016 Hard Covered Materials
© Machakos University Library, Along The Highway, Machakos Wote Rd, Machakos, Kenya P.O. Box 136 - 90100 Machakos - Kenya

Tel: ( +254 ) 723 805829 OR Fax : 044-20353 OR Email: library@mksu.ac.ke